El campo y el ajuste /

Emisión del programa Nexos TV del 20 de abril de 1995, dedicado al análisis de las implicaciones de la crisis económica mexicana de diciembre de 1994 para el sector agropecuario y de las alternativas del campo para entrar a una etapa de recuperación y desarrollo, efectiva y permanente.

Uloženo v:
Podrobná bibliografie
Hlavní autor: Cordera Campos, Rolando (dir. general)
Další autoři: Sánchez Rebolledo, Adolfo (coordinación) (coordinación), Gutiérrez, Marcela (producción) (producción), Huacuja, Mario (guión) (guión), Aguilar Camín, Héctor (asesoría) (asesoría), Bours, Eduardo (conferencia) (conferencia), Gil, Javier (conferencia) (conferencia), Mendoza Zazueta, José Antonio (conferencia) (conferencia), Ortega, Francisco Manuel (conferencia) (conferencia)
Médium: Video
Jazyk:španělština
Vydáno: México : Televisión Azteca, 1995, c1995
Edice:(Nexos TV ; 320)
Témata:
Tagy: Přidat tag
Žádné tagy, Buďte první, kdo vytvoří štítek k tomuto záznamu!

MARC

LEADER 00000ngm^a2200000^a^4500
001 000275940
005 20250521000000.0
009 20260310111248.442
037 |a Acervo ITESO - Biblioteca 
041 |a ESP 
082 |a 320. 972  |b NEX V. 320 
100 |a Cordera Campos, Rolando  |e (dir. general) 
240 1 1 |a [Nexos TV] 
245 1 3 |a El campo y el ajuste /  |c Dir. general de R. Cordera Campos. 
246 2 |a Título en la pantalla: El campo ante el ajuste 
264 4 |a México :  |b Televisión Azteca,  |c 1995, c1995 
300 |a 1 videocasete VHS  |c (58 min.) 
336 |a imagen móvil bidimensional  |b tdi  |2 rdacontenido 
337 |a video  |b v  |2 rdamedio 
338 |a videocasete  |b vf  |2 rdasoporte 
440 1 |a (Nexos TV ;  |v 320) 
520 |a Emisión del programa Nexos TV del 20 de abril de 1995, dedicado al análisis de las implicaciones de la crisis económica mexicana de diciembre de 1994 para el sector agropecuario y de las alternativas del campo para entrar a una etapa de recuperación y desarrollo, efectiva y permanente. 
649 |a XX 
650 |a Programas de Opinión y Debate 
650 |a Debates y el Arte de Discutir 
650 |a Industria Alimenticia -  |z México 
650 |a Industria Agropecuaria -  |z México -  |x Historia -  |y 1994-2000 -  |x Tema Principal 
650 |a Industria Agropecuaria -  |z México -  |x Historia -  |y Siglo XX 
650 |a Crisis Económica -  |z México -  |x Historia -  |y 1994-2000 -  |x Tema Principal 
650 |a Crisis Económica -  |z México -  |x Historia -  |y Siglo XX 
650 |a México -  |x Condiciones Económicas 
650 |a Economía -  |z México -  |x Historia -  |y 1994-2000 
650 |a Economía -  |z México -  |x Historia -  |y Siglo XX 
700 |a Sánchez Rebolledo, Adolfo  |e (coordinación) 
700 |a Gutiérrez, Marcela  |e (producción) 
700 |a Huacuja, Mario  |e (guión) 
700 |a Aguilar Camín, Héctor  |e (asesoría) 
700 |a Bours, Eduardo  |e (conferencia) 
700 |a Gil, Javier  |e (conferencia) 
700 |a Mendoza Zazueta, José Antonio  |e (conferencia) 
700 |a Ortega, Francisco Manuel  |e (conferencia) 
910 |a Fondo General 
920 |a Audiovisuales - Videocasetes 
905 |a 301 
901 |a 0500074390  |b IT2  |c VIS  |u 20250521 
902 |a https://opac.biblio.iteso.mx/vufind/Record/000275940